Ishrat-E-Afaq (Record no. 18784)

MARC details
000 -LEADER
fixed length control field 00577nam a2200241 a 4500
020 ## - INTERNATIONAL STANDARD BOOK NUMBER
ISBN
082 00 - DEWEY DECIMAL CLASSIFICATION NUMBER
Classification number 891.51
Author Cutter SHA2
100 ## - MAIN ENTRY--AUTHOR NAME
Author name Shadan, Chandulal
245 ## - TITLE STATEMENT
Title Ishrat-E-Afaq
260 ## - PUBLICATION, DISTRIBUTION, ETC. (IMPRINT)
Place of publication Hyderabad
Name of publisher Mahboob Shahi Presstions
Year of publication 1904
300 ## - PHYSICAL DESCRIPTION
Number of Pages 272p
500 ## - GENERAL NOTE
General note includes index and biblioraphy
505 2# - FORMATTED CONTENTS NOTE
Formatted contents note indices
650 ## - SUBJECT ADDED ENTRY--TOPICAL TERM
Topical Term Persian Poetry
942 ## - ADDED ENTRY ELEMENTS (KOHA)
Koha item type Books
700 1# -
-- Shadan, Chandulal
Holdings
Collection code Home library Current library Date acquired Cost, normal purchase price Full call number Accession Number Koha item type
  Henry Martyn Institute Library Henry Martyn Institute Library 06/01/2007 100.00 891.51 SHA2 11000004 Books
                   Copyright © 2026 | Henry Martyn Institute | Hyderabad | TS-500052 | INDIA | Implemented by hmi.edu.in
Hit-Count:

Powered by Koha